00676nam a2200181Ia 4500001000900000003000500009005001700014008004100031010001100072040000900083082002100092111007800113245016400191260007400355300001100429650002800440650002600468dia_1745CHAP20230619130149.0220117s1970 xx 000 0 und d a172281 cCHAP a630.972 R48 1970 aReunión de Agentes Generales (3a. : 1970 Febrero 9-11 : México D. F.) aTercera Reunión de Agentes Generales sobre las actividades del Plan Nacional Agrícola, Ganadero y Forestal, D. F. del 9 al 11 de febrero de 1970 : Memoria aMéxico :b Auditorio de Alamacenes Nacionales de Depósito,c1970 a160 p. aAgriculturaxMéxico  aGanaderíaxMéxico